000 00510cam a22001934a 4500
005 20250605164309.0
008 250528s ||||||||||||||||||||||||d
035 _a22405
020 _a9789609552431
040 _aGR-AtMCL
_bgre
_dGR-AtMCL
_eAACR2
245 1 _aΗ ΣΥΝΑΙΣΘΗΜΑΤΙΚΗ ΝΟΗΜΟΣΥΝΗ ΣΤΟ ΧΩΡΟ ΕΡΓΑΣΙΑΣ
250 _a1
260 _bΠεδίο,
_c2011
300 _a502
700 1 _aDaniel Goleman
_97296
942 _cBK
999 _c7458
_d7458